000 00317 a2200157 4500
001 59953
020 _a3980942872
040 _cAnchieta - Pituba
100 _aDinter, Tim
240 1 0 _aCargo
_lpor
245 1 0 _aCargo
300 _a144
362 0 _a2005
650 4 _aLiteratura juvenil em alemão
942 _cBK
999 _c59953
_d59953